Normal view MARC view

Entry Personal Name

Number of records used in: 2

001 - CONTROL NUMBER

  • control field: 82779

003 - CONTROL NUMBER IDENTIFIER

  • control field: dpl

005 - DATE AND TIME OF LATEST TRANSACTION

  • control field: 20250708143050.0

008 - FIXED-LENGTH DATA ELEMENTS

  • fixed length control field: 250708|| aca||aabn | a|a d

040 ## - CATALOGING SOURCE

  • Original cataloging agency: dpl
  • Transcribing agency: dpl

100 ## - HEADING--PERSONAL NAME

  • Personal name: Dash, Narayan Biranchi

670 ## - SOURCE DATA FOUND

  • Source citation: Work cat.: (dpl)212238: Dash, Narayan Biranchi, Elementary Educational And Methods Of Teaching/, 2023

© Delhi Public Library
Hit Counter
free hit counter